Khảo sát khả năng giữ ẩm của sản phẩm từ tinh bột sắn biến tính trên nền đất trồng ở Đà Nẵng

Tổng quan: Keo đất. Thành phần các nguyên tố trong đất...Nguyên liệu và phương pháp nghiên cứu. Kết quả và thảo luận

में बचाया:
ग्रंथसूची विवरण
मुख्य लेखक: Nguyễn, Văn Chi (Tác giả)
अन्य लेखक: Trần Mạnh Lục T.S (Hướng dẫn)
स्वरूप: पुस्तक
भाषा:Vietnamese
प्रकाशित: Đà Nẵng Đại học Đà Nẵng 2009
विषय:
टैग : टैग जोड़ें
कोई टैग नहीं, इस रिकॉर्ड को टैग करने वाले पहले व्यक्ति बनें!
Thư viện lưu trữ: Mạng thư viện Đại học Đà Nẵng
LEADER 01481nam a2200361 4500
001 000012015
003 8299
005 20120215070230.0
008 120215s2009 viesd
041 |a vie 
072 |a Khóa luận tốt nghiệp 
082 |a 633.68  |b NG-C 
100 |a Nguyễn, Văn Chi  |e Tác giả 
245 |a Khảo sát khả năng giữ ẩm của sản phẩm từ tinh bột sắn biến tính trên nền đất trồng ở Đà Nẵng  |c Nguyễn Văn Chi 
260 |a Đà Nẵng  |b Đại học Đà Nẵng  |c 2009 
300 |a 63 tr.  |b Bảng, biểu  |c 29 cm 
500 |a Khóa luận tốt nghiệp khoa Hóa. Lớp 05 HH 
520 |a Tổng quan: Keo đất. Thành phần các nguyên tố trong đất...Nguyên liệu và phương pháp nghiên cứu. Kết quả và thảo luận 
653 |a Khảo sát 
653 |a Giữ ẩm 
653 |a Tinh bột sắn biến tính 
653 |a Đất trồng 
700 |a Trần Mạnh Lục  |c T.S  |e Hướng dẫn 
OWN |a LSP 
AVA |a UDN50  |b LSP  |d 633.68 NG-C  |e available  |t Error 5001 Not defined in file expand_doc_bib_avail.  |f 1  |g 0  |h N  |i 0  |k 1 
999 |a From the UDN01 
AVA |a UDN50  |b LSP  |d 633.68 NG-C  |e available  |t Error 5001 Not defined in file expand_doc_bib_avail.  |f 1  |g 0  |h N  |i 0  |k 1 
TYP |a Monograph 
TYP |a Printed language 
980 |a Mạng thư viện Đại học Đà Nẵng